[Event "182nd Stay Safe Play From Home series"]
[Site "T#646404Emanuel Laske"]
[Date "2020.05.28"]
[Round "8"]
[White "SoulofWolf"]
[Black "Rogan"]
[Result "0-1"]
[WhiteElo "2114"]
[BlackElo "2232"]
[PlyCount "36"]
[EventDate "2020.05.28"]
[EventType "swiss (blitz)"]
[TimeControl "60"]

1. Nf3 {[%emt 0:00:01]} d5 {[%emt 0:00:00]} 2. c4 {[%emt 0:00:00]} c6 {[%emt 0:00:00]} 3. e3 {[%emt 0:00:00]} Bg4 {[%emt 0:00:02]} 4. b3 {[%emt 0:00:00]} Nf6 {[%emt 0:00:00]} 5. Be2 {[%emt 0:00:01]} Nbd7 {[%emt 0:00:00]} 6. O-O {[%emt 0:00:01]} e6 {[%emt 0:00:00]} 7. Bb2 {[%emt 0:00:00]} Bd6 {[%emt 0:00:00]} 8. a3 {[%emt 0:00:00]} Qc7 {[%emt 0:00:01]} 9. d4 {[%emt 0:00:00]} Bxf3 {[%emt 0:00:01]} 10. Bxf3 {[%emt 0:00:01]} Bxh2+ {[%emt 0:00:00]} 11. Kh1 {[%emt 0:00:00]} Bd6 {[%emt 0:00:01]} 12. Nd2 {[%emt 0:00:00]} e5 {[%emt 0:00:01]} 13. g3 {[%emt 0:00:01]} e4 {[%emt 0:00:01]} 14. Bg2 {[%emt 0:00:01]} h5 {[%emt 0:00:01]} 15. Bh3 {[%emt 0:00:02]} Bxg3 {[%emt 0:00:04]} 16. fxg3 {[%emt 0:00:01]} Qxg3 {[%emt 0:00:00]} 17. Bg2 {[%emt 0:00:01]} Ng4 {[%emt 0:00:01]} 18. Nf3 {[%emt 0:00:05]} exf3 {[%emt 0:00:01] SoulofWolf poddaje siê (Lag: Av=0.28s, max=0.4s)} 0-1

[Event "182nd Stay Safe Play From Home series"]
[Site "T#646404Emanuel Laske"]
[Date "2020.05.28"]
[Round "8"]
[White "Weltszmerc"]
[Black "Lamborghini"]
[Result "1-0"]
[WhiteElo "2042"]
[BlackElo "2201"]
[PlyCount "53"]
[EventDate "2020.05.28"]
[EventType "swiss (blitz)"]

1. d4 {[%emt 0:00:02]} Nf6 {[%emt 0:00:01]} 2. c4 {[%emt 0:00:00]} g6 {[%emt 0:00:00]} 3. Nc3 {[%emt 0:00:01]} Bg7 {[%emt 0:00:00]} 4. e4 {[%emt 0:00:00]} O-O {[%emt 0:00:00]} 5. f3 {[%emt 0:00:00]} d6 {[%emt 0:00:00]} 6. Be3 {[%emt 0:00:00]} Nc6 {[%emt 0:00:01]} 7. Nge2 {[%emt 0:00:01]} a6 {[%emt 0:00:01]} 8. Qd2 {[%emt 0:00:01]} Rb8 {[%emt 0:00:00]} 9. g4 {[%emt 0:00:00]} e5 {[%emt 0:00:01]} 10. d5 {[%emt 0:00:01]} Nd4 {[%emt 0:00:01]} 11. Nxd4 {[%emt 0:00:02]} exd4 {[%emt 0:00:00]} 12. Bxd4 {[%emt 0:00:00]} c5 {[%emt 0:00:00]} 13. Be3 {[%emt 0:00:02]} b5 {[%emt 0:00:01]} 14. h4 {[%emt 0:00:01]} bxc4 {[%emt 0:00:01]} 15. Bxc4 {[%emt 0:00:00]} Re8 {[%emt 0:00:01]} 16. O-O-O {[%emt 0:00:01]} Qb6 {[%emt 0:00:02]} 17. Rh2 {[%emt 0:00:01]} Bd7 {[%emt 0:00:01]} 18. Bh6 {[%emt 0:00:01]} Bxh6 {[%emt 0:00:03]} 19. Qxh6 {[%emt 0:00:02]} Qb4 {[%emt 0:00:00]} 20. Bf1 {[%emt 0:00:02]} Bxg4 {[%emt 0:00:04]} 21. Qf4 {[%emt 0:00:04]} Bxf3 {[%emt 0:00:06]} 22. Qxf3 {[%emt 0:00:01]} Nd7 {[%emt 0:00:02]} 23. h5 {[%emt 0:00:02]} Ne5 {[%emt 0:00:00]} 24. Qf2 {[%emt 0:00:04]} g5 {[%emt 0:00:02]} 25. h6 {[%emt 0:00:01]} Kh8 {[%emt 0:00:01]} 26. Qf6+ {[%emt 0:00:01]} Kg8 {[%emt 0:00:01]} 27. Qg7# {[%emt 0:00:00] (Lag: Av=0.60s, max=1.2s)} 1-0

[Event "182nd Stay Safe Play From Home series"]
[Site "T#646404Emanuel Laske"]
[Date "2020.05.28"]
[Round "8"]
[White "Lazieri3"]
[Black "Broken sword"]
[Result "0-1"]
[WhiteElo "2032"]
[BlackElo "2488"]
[PlyCount "80"]
[EventDate "2020.05.28"]
[EventType "swiss (blitz)"]

1. e4 {[%emt 0:00:01]} c5 {[%emt 0:00:02]} 2. Nc3 {[%emt 0:00:00]} e6 {[%emt 0:00:00]} 3. d3 {[%emt 0:00:00]} a6 {[%emt 0:00:00]} 4. Nf3 {[%emt 0:00:01]} d5 {[%emt 0:00:00]} 5. Bg5 {[%emt 0:00:00]} f6 {[%emt 0:00:01]} 6. Bh4 {[%emt 0:00:01]} d4 {[%emt 0:00:00]} 7. Ne2 {[%emt 0:00:01]} Nc6 {[%emt 0:00:00]} 8. h3 {[%emt 0:00:01]} e5 {[%emt 0:00:00]} 9. Nd2 {[%emt 0:00:02]} Bd6 {[%emt 0:00:01]} 10. Bg3 {[%emt 0:00:03]} Be6 {[%emt 0:00:01]} 11. f4 {[%emt 0:00:01]} Nge7 {[%emt 0:00:00]} 12. fxe5 {[%emt 0:00:01]} fxe5 {[%emt 0:00:00]} 13. Nf3 {[%emt 0:00:03]} h6 {[%emt 0:00:01]} 14. c4 {[%emt 0:00:02]} dxc3 {[%emt 0:00:02]} 15. Nxc3 {[%emt 0:00:01]} Qd7 {[%emt 0:00:01]} 16. Be2 {[%emt 0:00:02]} O-O-O {[%emt 0:00:01]} 17. Qd2 {[%emt 0:00:01]} Kb8 {[%emt 0:00:01]} 18. O-O-O {[%emt 0:00:01]} Nd4 {[%emt 0:00:01]} 19. Nxd4 {[%emt 0:00:01]} cxd4 {[%emt 0:00:00]} 20. Nd5 {[%emt 0:00:04]} Nxd5 {[%emt 0:00:01]} 21. exd5 {[%emt 0:00:00]} Bxd5 {[%emt 0:00:00]} 22. Bf3 {[%emt 0:00:01]} Bxa2 {[%emt 0:00:02]} 23. Qa5 {[%emt 0:00:03]} Rc8+ {[%emt 0:00:02]} 24. Kd2 {[%emt 0:00:01]} Bb3 {[%emt 0:00:01]} 25. Rc1 {[%emt 0:00:01]} Qe7 {[%emt 0:00:02]} 26. Rhe1 {[%emt 0:00:02]} Bb4+ {[%emt 0:00:01]} 27. Qxb4 {[%emt 0:00:01]} Qxb4+ {[%emt 0:00:00]} 28. Ke2 {[%emt 0:00:00]} Ba4 {[%emt 0:00:04]} 29. Bxe5+ {[%emt 0:00:01]} Ka8 {[%emt 0:00:00]} 30. Ra1 {[%emt 0:00:04]} Qxb2+ {[%emt 0:00:01]} 31. Kf1 {[%emt 0:00:01]} Bb5 {[%emt 0:00:00]} 32. Red1 {[%emt 0:00:04]} Qc2 {[%emt 0:00:02]} 33. Kg1 {[%emt 0:00:03]} Rhf8 {[%emt 0:00:01]} 34. Be4 {[%emt 0:00:04]} Rfe8 {[%emt 0:00:04]} 35. Bxd4 {[%emt 0:00:02]} Rxe4 {[%emt 0:00:01]} 36. dxe4 {[%emt 0:00:00]} Qxe4 {[%emt 0:00:01]} 37. Bxg7 {[%emt 0:00:02]} Rg8 {[%emt 0:00:02]} 38. Re1 {[%emt 0:00:01]} Qd5 {[%emt 0:00:05]} 39. Re7 {[%emt 0:00:01]} Rxg7 {[%emt 0:00:02]} 40. Rxg7 {[%emt 0:00:02]} Qd4+ {[%emt 0:00:00] Time (Lag: Av=0.57s, max=1.0s)} 0-1

[Event "182nd Stay Safe Play From Home series"]
[Site "T#646404Emanuel Laske"]
[Date "2020.05.28"]
[Round "8"]
[White "SecantFX"]
[Black "Greblah"]
[Result "1-0"]
[WhiteElo "1897"]
[BlackElo "1970"]
[Annotator "NA"]
[PlyCount "127"]
[EventDate "2020.05.28"]
[EventType "swiss (blitz)"]

1. g3 {[%emt 0:00:03]} c6 {[%emt 0:00:00]} 2. Bg2 {[%emt 0:00:01]} d5 {[%emt 0:00:00]} 3. f4 {[%emt 0:00:00]} Nf6 {[%emt 0:00:01]} 4. h3 {[%emt 0:00:00]} g6 {[%emt 0:00:00]} 5. Nf3 {[%emt 0:00:00]} Bg7 {[%emt 0:00:00]} 6. e3 {[%emt 0:00:00]} O-O {[%emt 0:00:01]} 7. d4 {[%emt 0:00:00]} Nbd7 {[%emt 0:00:01]} 8. c3 {[%emt 0:00:00]} Ne4 {[%emt 0:00:01]} 9. Nbd2 {[%emt 0:00:00]} Ndf6 {[%emt 0:00:01]} 10. Nxe4 {[%emt 0:00:01]} Nxe4 {[%emt 0:00:00]} 11. g4 {[%emt 0:00:03]} e6 {[%emt 0:00:01]} 12. O-O {[%emt 0:00:01]} f5 {[%emt 0:00:01]} 13. Nd2 {[%emt 0:00:00]} c5 {[%emt 0:00:01]} 14. Nxe4 {[%emt 0:00:01]} dxe4 {[%emt 0:00:01]} 15. g5 {[%emt 0:00:01]} Qb6 {[%emt 0:00:03]} 16. Qb3 {[%emt 0:00:02]} Bd7 {[%emt 0:00:01]} 17. Bd2 {[%emt 0:00:01]} Qxb3 {[%emt 0:00:02]} 18. axb3 {[%emt 0:00:01]} cxd4 {[%emt 0:00:01]} 19. cxd4 {[%emt 0:00:00]} Bc6 {[%emt 0:00:01]} 20. Bc3 {[%emt 0:00:01]} Bd5 {[%emt 0:00:01]} 21. b4 {[%emt 0:00:01]} Rfc8 {[%emt 0:00:01]} 22. Ra5 {[%emt 0:00:01]} a6 {[%emt 0:00:01]} 23. Rfa1 {[%emt 0:00:02]} Rc7 {[%emt 0:00:01]} 24. Bf1 {[%emt 0:00:02]} Rac8 {[%emt 0:00:02]} 25. Rxd5 {[%emt 0:00:02]} exd5 {[%emt 0:00:02]} 26. Ra5 {[%emt 0:00:00]} Rd7 {[%emt 0:00:02]} 27. Rc5 {[%emt 0:00:01]} Rxc5 {[%emt 0:00:01]} 28. bxc5 {[%emt 0:00:00]} Kf7 {[%emt 0:00:01]} 29. b4 {[%emt 0:00:02]} Ke6 {[%emt 0:00:01]} 30. b5 {[%emt 0:00:00]} axb5 {[%emt 0:00:01]} 31. Bxb5 {[%emt 0:00:00]} Rc7 {[%emt 0:00:01]} 32. Ba5 {[%emt 0:00:02]} Rc8 {[%emt 0:00:01]} 33. Bb6 {[%emt 0:00:00]} Ra8 {[%emt 0:00:01]} 34. Kf2 {[%emt 0:00:02]} Ra2+ {[%emt 0:00:02]} 35. Be2 {[%emt 0:00:01]} Bf8 {[%emt 0:00:02]} 36. Bc7 {[%emt 0:00:01]} Be7 {[%emt 0:00:03]} 37. h4 {[%emt 0:00:01]} Kd7 {[%emt 0:00:01]} 38. Kf1 {[%emt 0:00:01]} Kc6 {[%emt 0:00:02]} 39. Bb6 {[%emt 0:00:01]} Kd7 {[%emt 0:00:02]} 40. h5 {[%emt 0:00:04]} Bd8 {[%emt 0:00:01]} 41. Bxd8 {[%emt 0:00:01]} Kxd8 {[%emt 0:00:01]} 42. hxg6 {[%emt 0:00:00]} hxg6 {[%emt 0:00:01]} 43. Bb5 {[%emt 0:00:01]} Rb2 {[%emt 0:00:02]} 44. Ba4 {[%emt 0:00:02]} Ke7 {[%emt 0:00:01]} 45. c6 {[%emt 0:00:01]} bxc6 {[%emt 0:00:01]} 46. Bxc6 {[%emt 0:00:00]} Kd6 {[%emt 0:00:01]} 47. Ba4 {[%emt 0:00:02]} Rb1+ {[%emt 0:00:01]} 48. Ke2 {[%emt 0:00:02]} Ra1 {[%emt 0:00:01]} 49. Bc2 {[%emt 0:00:01]} Ra2 {[%emt 0:00:01]} 50. Kd2 {[%emt 0:00:00]} Kc6 {[%emt 0:00:01]} 51. Kc3 {[%emt 0:00:00]} Kb5 {[%emt 0:00:01]} 52. Bb3 {[%emt 0:00:00]} Ra3 {[%emt 0:00:01]} 53. Kb2 {[%emt 0:00:00]} Ra5 {[%emt 0:00:01]} 54. Bxd5 {[%emt 0:00:01]} Kb4 {[%emt 0:00:01]} 55. Bf7 {[%emt 0:00:01]} Rb5 {[%emt 0:00:01]} 56. Bxg6 {[%emt 0:00:01]} Ka4+ {[%emt 0:00:00]} 57. Kc3 {[%emt 0:00:01]} Rb4 {[%emt 0:00:00]} 58. Bxf5 {[%emt 0:00:01]} Rb3+ {[%emt 0:00:00]} 59. Kc4 {[%emt 0:00:01]} Rb4+ {[%emt 0:00:00]} 60. Kd5 {[%emt 0:00:01]} Rb5+ {[%emt 0:00:00]} 61. Kxe4 {[%emt 0:00:00]} Rb4 {[%emt 0:00:00]} 62. Be6 {[%emt 0:00:00]} Rb5 {[%emt 0:00:00] '} 63. d5 {[%emt 0:00:01]} Rb6 {[%emt 0:00:00]} 64. Ke5 {[%emt 0:00:00] Zeit (Lag: Av=0.27s, max=0.7s)} 1-0

[Event "182nd Stay Safe Play From Home series"]
[Site "T#646404Emanuel Laske"]
[Date "2020.05.28"]
[Round "8"]
[White "Trotsky"]
[Black "Emresenar"]
[Result "0-1"]
[WhiteElo "1577"]
[BlackElo "1728"]
[Annotator "NA"]
[PlyCount "80"]
[EventDate "2020.05.28"]
[EventType "swiss (blitz)"]

1. d4 {[%emt 0:00:01]} d5 {[%emt 0:00:01]} 2. e3 {[%emt 0:00:00]} Nf6 {[%emt 0:00:00]} 3. c4 {[%emt 0:00:00]} Bf5 {[%emt 0:00:00]} 4. Nc3 {[%emt 0:00:00]} c6 {[%emt 0:00:00]} 5. c5 {[%emt 0:00:01]} Nbd7 {[%emt 0:00:01]} 6. h3 {[%emt 0:00:02]} e5 {[%emt 0:00:00]} 7. g4 {[%emt 0:00:01]} Be4 {[%emt 0:00:01]} 8. f3 {[%emt 0:00:03]} Bg6 {[%emt 0:00:02]} 9. Bd3 {[%emt 0:00:01]} e4 {[%emt 0:00:01]} 10. fxe4 {[%emt 0:00:01]} Bxe4 {[%emt 0:00:01]} 11. Nxe4 {[%emt 0:00:01]} Nxe4 {[%emt 0:00:00]} 12. Qc2 {[%emt 0:00:02]} Qh4+ {[%emt 0:00:01]} 13. Kf1 {[%emt 0:00:06]} Ng3+ {[%emt 0:00:01]} 14. Kg2 {[%emt 0:00:02]} Nxh1 {[%emt 0:00:01]} 15. Nf3 {[%emt 0:00:01]} Qg3+ {[%emt 0:00:07]} 16. Kxh1 {[%emt 0:00:02]} Qxf3+ {[%emt 0:00:01]} 17. Qg2 {[%emt 0:00:02]} Qxg2+ {[%emt 0:00:01]} 18. Kxg2 {[%emt 0:00:01]} Be7 {[%emt 0:00:00]} 19. Bd2 {[%emt 0:00:01]} O-O {[%emt 0:00:01]} 20. Rf1 {[%emt 0:00:01]} Nf6 {[%emt 0:00:01]} 21. g5 {[%emt 0:00:01]} Ne4 {[%emt 0:00:00]} 22. Be1 {[%emt 0:00:02]} Bxg5 {[%emt 0:00:01]} 23. Rh1 {[%emt 0:00:02]} Bxe3 {[%emt 0:00:01]} 24. Kf3 {[%emt 0:00:02]} Bh6 {[%emt 0:00:01]} 25. Bxe4 {[%emt 0:00:01]} dxe4+ {[%emt 0:00:00]} 26. Kxe4 {[%emt 0:00:01]} Rfe8+ {[%emt 0:00:00]} 27. Kd3 {[%emt 0:00:01]} Rad8 {[%emt 0:00:01]} 28. Kc4 {[%emt 0:00:01]} Re4 {[%emt 0:00:02]} 29. Bc3 {[%emt 0:00:02]} Be3 {[%emt 0:00:01]} 30. b4 {[%emt 0:00:02]} Bxd4 {[%emt 0:00:01]} 31. Bxd4 {[%emt 0:00:01]} Rdxd4+ {[%emt 0:00:02]} 32. Kb3 {[%emt 0:00:01]} Rxb4+ {[%emt 0:00:00]} 33. Kc3 {[%emt 0:00:01]} Rbc4+ {[%emt 0:00:01]} 34. Kb3 {[%emt 0:00:01]} Rxc5 {[%emt 0:00:02]} 35. Rd1 {[%emt 0:00:01]} Rd5 {[%emt 0:00:01]} 36. Rc1 {[%emt 0:00:01]} Kf8 {[%emt 0:00:02]} 37. Kb2 {[%emt 0:00:01]} Rd3 {[%emt 0:00:02]} 38. Ka1 {[%emt 0:00:01]} Re2 {[%emt 0:00:01]} 39. Rb1 {[%emt 0:00:01]} b6 {[%emt 0:00:03]} 40. a3 {[%emt 0:00:03]} Rxa3# {[%emt 0:00:02] (Lag: Av=0.57s, max=0.7s)} 0-1

[Event "182nd Stay Safe Play From Home series"]
[Site "T#646404Emanuel Laske"]
[Date "2020.05.28"]
[Round "9"]
[White "Lamborghini"]
[Black "Emresenar"]
[Result "1-0"]
[WhiteElo "2177"]
[BlackElo "1738"]
[PlyCount "87"]
[EventDate "2020.05.28"]
[EventType "swiss (blitz)"]

1. e4 {[%emt 0:00:01]} e5 {[%emt 0:00:01]} 2. Nf3 {[%emt 0:00:02]} Nc6 {[%emt 0:00:00]} 3. Bc4 {[%emt 0:00:01]} Bc5 {[%emt 0:00:00]} 4. c3 {[%emt 0:00:01]} Nf6 {[%emt 0:00:01]} 5. d4 {[%emt 0:00:01]} exd4 {[%emt 0:00:00]} 6. e5 {[%emt 0:00:01]} d5 {[%emt 0:00:02]} 7. Bb5 {[%emt 0:00:01]} Ne4 {[%emt 0:00:03]} 8. cxd4 {[%emt 0:00:01]} Bb4+ {[%emt 0:00:02]} 9. Bd2 {[%emt 0:00:01]} Bxd2+ {[%emt 0:00:02]} 10. Nbxd2 {[%emt 0:00:00]} Nxd2 {[%emt 0:00:01]} 11. Qxd2 {[%emt 0:00:01]} O-O {[%emt 0:00:01]} 12. Bxc6 {[%emt 0:00:02]} bxc6 {[%emt 0:00:01]} 13. Rc1 {[%emt 0:00:01]} Ba6 {[%emt 0:00:06]} 14. Rxc6 {[%emt 0:00:02]} Bb5 {[%emt 0:00:00]} 15. Rc5 {[%emt 0:00:02]} c6 {[%emt 0:00:01]} 16. b3 {[%emt 0:00:00]} Re8 {[%emt 0:00:04]} 17. a4 {[%emt 0:00:01]} Ba6 {[%emt 0:00:06]} 18. Rxc6 {[%emt 0:00:02]} Bb7 {[%emt 0:00:01]} 19. Rc5 {[%emt 0:00:01]} Ba6 {[%emt 0:00:01]} 20. Rc6 {[%emt 0:00:01]} Bb7 {[%emt 0:00:01]} 21. Rc5 {[%emt 0:00:01]} Ba6 {[%emt 0:00:01]} 22. Qa5 {[%emt 0:00:00]} Qxa5+ {[%emt 0:00:09]} 23. Rxa5 {[%emt 0:00:01]} Bd3 {[%emt 0:00:01]} 24. Kd2 {[%emt 0:00:02]} Be4 {[%emt 0:00:00]} 25. Ne1 {[%emt 0:00:01]} Reb8 {[%emt 0:00:02]} 26. Rb5 {[%emt 0:00:03]} Rxb5 {[%emt 0:00:02]} 27. axb5 {[%emt 0:00:00]} Rb8 {[%emt 0:00:00]} 28. f3 {[%emt 0:00:00]} Bf5 {[%emt 0:00:01]} 29. Nd3 {[%emt 0:00:01]} Bxd3 {[%emt 0:00:01]} 30. Kxd3 {[%emt 0:00:01]} Rxb5 {[%emt 0:00:00]} 31. Kc3 {[%emt 0:00:00]} Kf8 {[%emt 0:00:01]} 32. Ra1 {[%emt 0:00:01]} Rb7 {[%emt 0:00:01]} 33. Ra5 {[%emt 0:00:01]} Ke7 {[%emt 0:00:00]} 34. Rxd5 {[%emt 0:00:01]} f6 {[%emt 0:00:00]} 35. Ra5 {[%emt 0:00:01]} fxe5 {[%emt 0:00:01]} 36. dxe5 {[%emt 0:00:00]} Ke6 {[%emt 0:00:01]} 37. f4 {[%emt 0:00:00]} Rc7+ {[%emt 0:00:00]} 38. Kd4 {[%emt 0:00:01]} g6 {[%emt 0:00:00]} 39. g4 {[%emt 0:00:01]} Rd7+ {[%emt 0:00:00]} 40. Ke4 {[%emt 0:00:01]} h6 {[%emt 0:00:00]} 41. f5+ {[%emt 0:00:00]} gxf5+ {[%emt 0:00:01]} 42. gxf5+ {[%emt 0:00:00]} Kf7 {[%emt 0:00:00]} 43. Ra6 {[%emt 0:00:00]} Re7 {[%emt 0:00:00]} 44. e6+ {[%emt 0:00:01] Zaman (Lag: Av=0.58s, max=0.9s)} 1-0

[Event "182nd Stay Safe Play From Home series"]
[Site "T#646404Emanuel Laske"]
[Date "2020.05.28"]
[Round "9"]
[White "Weltszmerc"]
[Black "SoulofWolf"]
[Result "0-1"]
[WhiteElo "2067"]
[BlackElo "2103"]
[PlyCount "76"]
[EventDate "2020.05.28"]
[EventType "swiss (blitz)"]

1. d4 {[%emt 0:00:01]} a6 {[%emt 0:00:00]} 2. c4 {[%emt 0:00:00]} b5 {[%emt 0:00:00]} 3. e3 {[%emt 0:00:01]} bxc4 {[%emt 0:00:01]} 4. Bxc4 {[%emt 0:00:00]} d5 {[%emt 0:00:01]} 5. Bd3 {[%emt 0:00:01]} e6 {[%emt 0:00:02]} 6. Nc3 {[%emt 0:00:00]} Ne7 {[%emt 0:00:00]} 7. Nf3 {[%emt 0:00:00]} Bd7 {[%emt 0:00:00]} 8. O-O {[%emt 0:00:00]} Ng6 {[%emt 0:00:00]} 9. Qc2 {[%emt 0:00:00]} Be7 {[%emt 0:00:00]} 10. a3 {[%emt 0:00:01]} O-O {[%emt 0:00:00]} 11. b4 {[%emt 0:00:00]} Nc6 {[%emt 0:00:01]} 12. h3 {[%emt 0:00:00]} Bc8 {[%emt 0:00:02]} 13. Na4 {[%emt 0:00:01]} e5 {[%emt 0:00:01]} 14. Qxc6 {[%emt 0:00:03]} e4 {[%emt 0:00:03]} 15. Qxa8 {[%emt 0:00:01]} exf3 {[%emt 0:00:00]} 16. g3 {[%emt 0:00:04]} Qd6 {[%emt 0:00:06]} 17. g4 {[%emt 0:00:04]} Bxg4 {[%emt 0:00:05]} 18. Qxf8+ {[%emt 0:00:01]} Nxf8 {[%emt 0:00:05]} 19. hxg4 {[%emt 0:00:00]} h5 {[%emt 0:00:01]} 20. Bf5 {[%emt 0:00:02]} hxg4 {[%emt 0:00:02]} 21. Bxg4 {[%emt 0:00:01]} Qg6 {[%emt 0:00:01]} 22. Rd1 {[%emt 0:00:04]} Qxg4+ {[%emt 0:00:01]} 23. Kf1 {[%emt 0:00:00]} Bh4 {[%emt 0:00:03]} 24. Ke1 {[%emt 0:00:02]} Qg2 {[%emt 0:00:01]} 25. Kd2 {[%emt 0:00:01]} Qxf2+ {[%emt 0:00:01]} 26. Kc3 {[%emt 0:00:01]} Qe2 {[%emt 0:00:01]} 27. Bd2 {[%emt 0:00:02]} f2 {[%emt 0:00:01]} 28. Rf1 {[%emt 0:00:02]} Ne6 {[%emt 0:00:01]} 29. Nb2 {[%emt 0:00:02]} Ng5 {[%emt 0:00:01]} 30. Nd3 {[%emt 0:00:01]} Ne4+ {[%emt 0:00:00]} 31. Kc2 {[%emt 0:00:01]} Qxd2+ {[%emt 0:00:01]} 32. Kb3 {[%emt 0:00:01]} Qxd3+ {[%emt 0:00:01]} 33. Ka4 {[%emt 0:00:01]} Nd2 {[%emt 0:00:01]} 34. Rxf2 {[%emt 0:00:01]} Bxf2 {[%emt 0:00:00]} 35. Rc1 {[%emt 0:00:01]} Bxe3 {[%emt 0:00:01]} 36. Rc5 {[%emt 0:00:02]} Nc4 {[%emt 0:00:01]} 37. Rxc4 {[%emt 0:00:02]} Qxc4 {[%emt 0:00:02]} 38. Ka5 {[%emt 0:00:01]} Qb5# {[%emt 0:00:01] (Lag: Av=0.58s, max=0.8s)} 0-1

[Event "182nd Stay Safe Play From Home series"]
[Site "T#646404Emanuel Laske"]
[Date "2020.05.28"]
[Round "9"]
[White "Greblah"]
[Black "Broken sword"]
[Result "0-1"]
[WhiteElo "1949"]
[BlackElo "2490"]
[PlyCount "108"]
[EventDate "2020.05.28"]
[EventType "swiss (blitz)"]

1. e4 {[%emt 0:00:01]} c5 {[%emt 0:00:01]} 2. Nc3 {[%emt 0:00:01]} e6 {[%emt 0:00:00]} 3. g3 {[%emt 0:00:01]} a6 {[%emt 0:00:00]} 4. Bg2 {[%emt 0:00:01]} d5 {[%emt 0:00:00]} 5. d3 {[%emt 0:00:01]} d4 {[%emt 0:00:02]} 6. Nce2 {[%emt 0:00:01]} Nc6 {[%emt 0:00:00]} 7. f4 {[%emt 0:00:01]} f6 {[%emt 0:00:01]} 8. Nf3 {[%emt 0:00:01]} Bd6 {[%emt 0:00:00]} 9. O-O {[%emt 0:00:00]} e5 {[%emt 0:00:00]} 10. Bd2 {[%emt 0:00:01]} Be6 {[%emt 0:00:01]} 11. fxe5 {[%emt 0:00:00]} Nxe5 {[%emt 0:00:01]} 12. Nxe5 {[%emt 0:00:01]} Bxe5 {[%emt 0:00:00]} 13. Bf4 {[%emt 0:00:01]} Ne7 {[%emt 0:00:03]} 14. Bxe5 {[%emt 0:00:01]} fxe5 {[%emt 0:00:00]} 15. Qd2 {[%emt 0:00:01]} h6 {[%emt 0:00:01]} 16. Qe1 {[%emt 0:00:02]} Qd7 {[%emt 0:00:01]} 17. Qf2 {[%emt 0:00:01]} O-O-O {[%emt 0:00:00]} 18. g4 {[%emt 0:00:01]} Ng6 {[%emt 0:00:01]} 19. Qg3 {[%emt 0:00:01]} Rdf8 {[%emt 0:00:01]} 20. Rxf8+ {[%emt 0:00:02]} Rxf8 {[%emt 0:00:00]} 21. h3 {[%emt 0:00:00]} Qd6 {[%emt 0:00:01]} 22. Rf1 {[%emt 0:00:02]} Nf4 {[%emt 0:00:00]} 23. Nxf4 {[%emt 0:00:01]} exf4 {[%emt 0:00:00]} 24. Qf3 {[%emt 0:00:01]} Qe5 {[%emt 0:00:00]} 25. Re1 {[%emt 0:00:02]} g5 {[%emt 0:00:01]} 26. Rc1 {[%emt 0:00:01]} Rh8 {[%emt 0:00:01]} 27. b3 {[%emt 0:00:01]} Kb8 {[%emt 0:00:01]} 28. a4 {[%emt 0:00:01]} Rh7 {[%emt 0:00:00]} 29. Kf2 {[%emt 0:00:01]} Bf7 {[%emt 0:00:01]} 30. Bf1 {[%emt 0:00:01]} h5 {[%emt 0:00:00]} 31. Be2 {[%emt 0:00:01]} hxg4 {[%emt 0:00:01]} 32. hxg4 {[%emt 0:00:01]} Rh2+ {[%emt 0:00:02]} 33. Kg1 {[%emt 0:00:01]} Rh4 {[%emt 0:00:01]} 34. Kf2 {[%emt 0:00:02]} Be6 {[%emt 0:00:00]} 35. Rg1 {[%emt 0:00:02]} Qh8 {[%emt 0:00:02]} 36. Qg2 {[%emt 0:00:01]} Rh2 {[%emt 0:00:01]} 37. Bf3 {[%emt 0:00:01]} Qh4+ {[%emt 0:00:01]} 38. Ke2 {[%emt 0:00:01]} Rxg2+ {[%emt 0:00:00]} 39. Rxg2 {[%emt 0:00:00]} Kc7 {[%emt 0:00:00]} 40. Kf1 {[%emt 0:00:02]} Kd6 {[%emt 0:00:00]} 41. Ke2 {[%emt 0:00:01]} Ke5 {[%emt 0:00:01]} 42. a5 {[%emt 0:00:01]} Qh8 {[%emt 0:00:01]} 43. Kf1 {[%emt 0:00:02]} Qd8 {[%emt 0:00:01]} 44. Rh2 {[%emt 0:00:01]} Qxa5 {[%emt 0:00:02]} 45. Rh5 {[%emt 0:00:01]} Qd2 {[%emt 0:00:04]} 46. Rxg5+ {[%emt 0:00:01]} Kf6 {[%emt 0:00:00]} 47. Rxc5 {[%emt 0:00:01]} Qe3 {[%emt 0:00:01]} 48. Kg2 {[%emt 0:00:01]} Bxg4 {[%emt 0:00:02]} 49. Bxg4 {[%emt 0:00:01]} Qg3+ {[%emt 0:00:01]} 50. Kf1 {[%emt 0:00:02]} Qxg4 {[%emt 0:00:00]} 51. Rf5+ {[%emt 0:00:02]} Ke6 {[%emt 0:00:01]} 52. Rd5 {[%emt 0:00:01]} f3 {[%emt 0:00:01]} 53. Rxd4 {[%emt 0:00:01]} Qg2+ {[%emt 0:00:01]} 54. Ke1 {[%emt 0:00:01]} Qe2# {[%emt 0:00:00] (Lag: Av=0.47s, max=1.0s)} 0-1

[Event "182nd Stay Safe Play From Home series"]
[Site "T#646404Emanuel Laske"]
[Date "2020.05.28"]
[Round "9"]
[White "Castlingarrocco"]
[Black "Dj amir"]
[Result "0-1"]
[WhiteElo "1935"]
[BlackElo "2454"]
[PlyCount "32"]
[EventDate "2020.05.28"]
[EventType "swiss (blitz)"]

1. d4 {[%emt 0:00:01]} Nf6 {[%emt 0:00:00]} 2. e3 {[%emt 0:00:00]} e6 {[%emt 0:00:00]} 3. f4 {[%emt 0:00:00]} b6 {[%emt 0:00:01]} 4. Nf3 {[%emt 0:00:00]} Bb7 {[%emt 0:00:00]} 5. Bd3 {[%emt 0:00:01]} c5 {[%emt 0:00:00]} 6. Qe2 {[%emt 0:00:00]} Nc6 {[%emt 0:00:00]} 7. c3 {[%emt 0:00:00]} a6 {[%emt 0:00:01]} 8. Nbd2 {[%emt 0:00:01]} b5 {[%emt 0:00:01]} 9. e4 {[%emt 0:00:00]} cxd4 {[%emt 0:00:01]} 10. cxd4 {[%emt 0:00:01]} Qb6 {[%emt 0:00:00]} 11. Nb3 {[%emt 0:00:01]} Nb4 {[%emt 0:00:02]} 12. e5 {[%emt 0:00:01]} Nxd3+ {[%emt 0:00:01]} 13. Qxd3 {[%emt 0:00:01]} Nd5 {[%emt 0:00:00]} 14. Qe2 {[%emt 0:00:02]} a5 {[%emt 0:00:02]} 15. Be3 {[%emt 0:00:01]} Ba6 {[%emt 0:00:01]} 16. Qd2 {[%emt 0:00:05]} Bb4 {[%emt 0:00:02] Castlingarrocco abbandona (Lag: Av=0.35s, max=0.4s)} 0-1